01976nab a2200241uuc4500001000800000005001700008008004100025035001200066040001300078041000800091100003800099245008900137520107400226700003901300700004001339700003701379700003401416700003701450773013101487856008701618942001001705999001901715142304920240202123255.0151002 spa  a1423049 ccomduadb aspa10aArnoso, Maitane4auteaut972149410aArgentina: diferencias intergeneracionales ante las medidas de justicia transicional3 a Este estudio analiza la actitud hacia el pasado represivo, así como el conocimiento, impacto y valoración que las diferentes generaciones argentinas tienen acerca de las medidas transicionales implementadas en relación a la dictadura militar. La muestra se compone de personas que vivieron dicho periodo siendo ya adultas (n = 62) y personas que nacieron después del inicio de la democracia (n = 203). De los resultados se extrae que los más jóvenes son quienes menos conocimiento tienen sobre el pasado y quienes más información desean tener, más importancia conceden a las medidas que contribuyen la difusión de lo ocurrido, la defensa de los derechos humanos, la reparación a las víctimas o los cambios institucionales. Además, son quienes con más eficacia perciben en los juicios por delitos de lesa humanidad que se están celebrando en la actualidad, quienes menos deseo muestran de reconciliarse y quienes más participan en actividades de recuerdo de las víctimas y referidas a la defensa y promoción de los derechos humanos.10aCardenas, Manuel4auteaut938306310aMuratori, Marcela4auteaut957996010aZubieta, Elena4auteaut959068410aPaez, Dario4auteaut942463410aBombelli, Juan4auteaut97214950 tRevista Latinoamericana de Derechos Humanos (Costa Rica)gVol. 25, No. 02, Jul.-Dic. 2014, 151-167w1394609x1659-430406992974 uhttp://www.revistas.una.ac.cr/index.php/derechoshumanos/article/download/6140/6137 cARIMP c729207d729207